000 01007nas a2200253Ia 4500
001 R065/G4957
003 IT-RoPAU
008 151124c99999999xx |||||||||||| ||und||
040 _aIT-RoPAU
040 _cIT-RoPAU
041 _aITALIANO
100 _aCauso Massimo
_gCodice Aut. SPICS: 22994
210 _aRAGAZZO SELVAGGIO (IL)
222 _aRagazzo Selvaggio (Il)
245 _aRAGAZZO SELVAGGIO (IL), NUOVA SERIE, ANNO 16-N.20 (MARZO/APRILE 2000)
_bSguardi Senza Terra. Le Distanze Abitate Dai Registi Apolidi
250 _a1a ed.
260 _aBERGAMO
_bMORETTI & VITALI
_c2000
501 _bPaulus - SPICS - Società San Paolo EM (non-commercial uses only)
_cCopyright2015
300 _a5 p. [4-8]
362 _aANNO 016, N.20 (MARZO/APRILE 2000)
500 _aCinema e Interculturalità. Il Registro Espressivo del Cinema Apolide è Caratterizzato Dalla Divaricazione tra Lo Stare e L'Andare, tra L'Appartenere e il Pervenire.
650 _aCINEMA
_vPUBBLICAZIONE PERIODICA
942 _cCR
999 _c137416
_d137416